[Event "Sunway Sitges Open 2017"]
[Site "Sitges ESP"]
[Date "2017.12.22"]
[Round "8.5"]
[White "Edouard, Romain"]
[Black "Dann, Matthias"]
[Result "1/2-1/2"]
[WhiteTitle "GM"]
[BlackTitle "IM"]
[WhiteElo "2621"]
[BlackElo "2517"]
[WhiteFideId "633429"]
[BlackFideId "24638056"]
[EventDate "2017.12.15"]

1. c4 e5 2. Nc3 Nc6 3. e3 Nf6 4. g4 d6 5. h3 Be7 6. Bg2 O-O 7. Nge2 Ne8 8. d3 f5
9. gxf5 Bxf5 10. e4 Be6 11. Be3 Bh4 12. Qd2 Nf6 13. O-O-O Nh5 14. f3 a6 15. Kb1
b5 16. Nd5 Ng3 17. Rhg1 Nxe2 18. Qxe2 Nd4 19. Bxd4 exd4 20. f4 bxc4 21. dxc4
Bxd5 22. cxd5 Rxf4 23. e5 dxe5 24. d6 cxd6 25. Bxa8 Qxa8 26. Rg4 Rf2 27. Qc4+ d5
28. Qc7 Bf6 29. Rdg1 Qf8 30. Qb7 e4 31. Qxd5+ Kh8 32. Qxe4 Qb8 33. b3 d3 34.
R4g2 Rf4 35. Qe6 g6 36. Rc1 Kg7 37. Rd2 Rf3 38. Qd5 Qf4 39. Rxd3 Rf2 40. Rc2
Rf1+ 41. Rd1 Qe5 42. Rc7+ Kh6 43. Qd2+ Rf4 44. Rc3 Qxc3 45. Qxf4+ g5 46. Qd2
Qa1+ 47. Kc2 Qxa2+ 48. Kd3 Qxb3+ 49. Ke2 Qxh3 50. Qd5 Qh2+ 51. Ke3 Qg3+ 52. Ke2
Qe5+ 1/2-1/2

[Event "Sunway Sitges Open 2017"]
[Site "Sitges ESP"]
[Date "2017.12.22"]
[Round "8.6"]
[White "Liu, Guanchu"]
[Black "Bologan, Victor"]
[Result "0-1"]
[WhiteTitle "IM"]
[BlackTitle "GM"]
[WhiteElo "2462"]
[BlackElo "2607"]
[WhiteFideId "8603901"]
[BlackFideId "13900048"]
[EventDate "2017.12.15"]

1. e4 c6 2. d4 d5 3. exd5 cxd5 4. c4 Nf6 5. Nc3 e6 6. Nf3 Bb4 7. cxd5 Nxd5 8.
Bd2 Nc6 9. Bd3 Be7 10. O-O O-O 11. a3 Bf6 12. Qc2 h6 13. Be3 Nce7 14. Qe2 b6 15.
Ne4 Bb7 16. Rad1 Rc8 17. Ne5 Nf5 18. Bb1 Bxe5 19. dxe5 Qc7 20. Nd6 Nxd6 21. exd6
Qxd6 22. Qg4 Nxe3 23. fxe3 Qe5 24. Rd7 Qxe3+ 0-1

[Event "Sunway Sitges Open 2017"]
[Site "Sitges ESP"]
[Date "2017.12.22"]
[Round "8.7"]
[White "Saduakassova, Dinara"]
[Black "Predke, Alexandr"]
[Result "0-1"]
[WhiteTitle "IM"]
[BlackTitle "GM"]
[WhiteElo "2460"]
[BlackElo "2599"]
[WhiteFideId "13700090"]
[BlackFideId "24107581"]
[EventDate "2017.12.15"]

1. d4 d6 2. c4 g6 3. Nc3 Bg7 4. Nf3 c5 5. d5 Bxc3+ 6. bxc3 f5 7. Bg5 Qa5 8. Qc2
Nd7 9. e3 Nb6 10. Bd3 Bd7 11. Nd2 Na4 12. Rb1 h6 13. Bh4 Qxc3 14. f4 O-O-O 15.
O-O Qxc2 16. Bxc2 Nc3 17. Rb2 Nf6 18. Ra1 Rhe8 19. a4 Kc7 20. Be1 Rb8 21. Nf3
Nce4 22. Rab1 e6 23. dxe6 Bxe6 24. Bd3 Bd7 25. a5 Bc6 26. h3 Re6 27. Bc2 g5 28.
Bd1 Re7 29. Kh2 Rg7 30. Bb3 Rbg8 31. Bd1 gxf4 32. Nh4 Ng3 33. Bc3 Rf7 34. Bxf6
Rxf6 35. exf4 Nf1+ 36. Kg1 Ne3 37. Bb3 Re6 38. Kh2 Re4 39. Rf2 Rf8 40. Rc1 Rf6
41. Rc3 Re8 42. Nf3 Rg6 43. g3 Nf1+ 44. Rxf1 Re2+ 45. Kh1 Rxg3 46. h4 h5 47. Rd3
a6 48. Rc3 b6 49. axb6+ Kxb6 50. Rd3 Kc7 51. Rd5 Bxd5 52. cxd5 a5 53. Bd1 Rh3+
54. Kg1 Rg3+ 55. Kh1 Ra2 56. Ng5 Ra1 57. Kh2 Rd3 58. Ne6+ Kc8 59. Be2 Ra2 60.
Rf2 Rdd2 0-1

[Event "Sunway Sitges Open 2017"]
[Site "Sitges ESP"]
[Date "2017.12.22"]
[Round "8.8"]
[White "Yankelevich, Lev"]
[Black "Sokolov, Ivan"]
[Result "1/2-1/2"]
[WhiteTitle "IM"]
[BlackTitle "GM"]
[WhiteElo "2435"]
[BlackElo "2589"]
[WhiteFideId "24684074"]
[BlackFideId "14400030"]
[EventDate "2017.12.15"]

1. Nf3 Nf6 2. c4 b6 3. g3 Bb7 4. Bg2 g6 5. O-O Bg7 6. d4 O-O 7. d5 Ne4 8. Qc2 f5
9. Ng5 Nd6 10. Bf4 e5 11. dxe6 Bxg2 12. Kxg2 h6 13. Nf3 dxe6 14. Be5 Nd7 15.
Bxg7 Kxg7 16. Rd1 Qf6 17. Nc3 Nc5 18. Nb5 Nxb5 19. cxb5 Rf7 20. Rac1 g5 21. Qc3
Qxc3 22. Rxc3 Kf6 23. Rdc1 e5 24. b4 Ne6 25. Rd1 g4 26. Ne1 Nd4 27. a4 Nxe2 28.
Rc6+ Kg7 29. Re6 e4 30. Rd2 Nc3 31. Rc6 e3 32. fxe3 Ne4 33. Rdc2 a5 34. bxa6
Rxa6 35. a5 Nf6 36. Rxc7 bxa5 37. Rxf7+ Kxf7 38. Rc7+ Kg6 39. bxa5 Rxa5 40. Nd3
Ra2+ 41. Kg1 Ra1+ 1/2-1/2

[Event "Sunway Sitges Open 2017"]
[Site "Sitges ESP"]
[Date "2017.12.22"]
[Round "8.9"]
[White "Bilguun, Sumiya"]
[Black "Petrov, Nikita"]
[Result "1/2-1/2"]
[WhiteTitle "IM"]
[BlackTitle "IM"]
[WhiteElo "2459"]
[BlackElo "2574"]
[WhiteFideId "4901541"]
[BlackFideId "4101286"]
[EventDate "2017.12.15"]

1. e4 e5 2. Nf3 Nc6 3. Bb5 a6 4. Ba4 Nf6 5. O-O Be7 6. Re1 b5 7. Bb3 d6 8. c3
O-O 9. h3 Bb7 10. d4 Nd7 11. Nbd2 exd4 12. cxd4 Re8 13. Nf1 Bf6 14. Bc2 Nb4 15.
Bb1 c5 16. d5 c4 17. a3 Nd3 18. Bxd3 cxd3 19. Ng3 Nc5 20. Rb1 Rc8 21. b4 Na4 22.
Qxd3 Rc3 23. Qd1 g6 24. Rb3 Rc4 25. Qd3 h5 26. Nd2 Rc7 27. Nf3 Rc4 28. Nd2 Rc7
29. Nf3 Rc4 1/2-1/2

[Event "Sunway Sitges Open 2017"]
[Site "Sitges ESP"]
[Date "2017.12.22"]
[Round "8.10"]
[White "Vasquez Schroeder, Rodrigo"]
[Black "Munguntuul, Batkhuyag"]
[Result "1/2-1/2"]
[WhiteTitle "GM"]
[BlackTitle "IM"]
[WhiteElo "2547"]
[BlackElo "2397"]
[WhiteFideId "3400042"]
[BlackFideId "4900758"]
[EventDate "2017.12.15"]

1. e4 c5 2. Nf3 e6 3. d4 cxd4 4. Nxd4 Nc6 5. Nc3 Qc7 6. Be3 a6 7. Qf3 Nf6 8.
O-O-O Ne5 9. Qg3 b5 10. f4 Neg4 11. e5 Nxe3 12. Qxe3 b4 13. exf6 bxc3 14. fxg7
cxb2+ 15. Kb1 Bxg7 16. Nf5 Bf8 17. Be2 Bb7 18. Rd4 d5 19. Rd3 Rc8 20. c3 Qc4 21.
Qe5 Qe4 22. Qxh8 Qxe2 23. Re3 Qxg2 24. Rhe1 Qg6 25. Rxe6+ fxe6 26. Rxe6+ Qxe6
27. Ng7+ Kf7 28. Nxe6 Kxe6 29. f5+ Kd7 30. Qxh7+ Kc6 31. Kxb2 Kb6 32. h4 Re8 33.
Qg6+ Bc6 34. h5 Re2+ 35. Kb3 Bc5 36. h6 Rh2 37. h7 Rh4 38. a4 a5 39. Kc2 Rh2+
40. Kd1 d4 41. cxd4 Bxd4 42. Qd6 Rh1+ 43. Ke2 Ba1 44. Qd8+ Kb7 45. Qe7+ Kb6 46.
Kd3 Rd1+ 47. Ke2 Rh1 48. Qd8+ Kb7 49. Qg8 Rh2+ 50. Ke3 Rh1 51. Qb3+ Kc7 52. Qf7+
Kb6 53. f6 Rh3+ 54. Kf4 Bxf6 55. Qxf6 Rxh7 56. Qd8+ Kb7 57. Kg5 Rd7 58. Qxa5 1/2-1/2

[Event "Sunway Sitges Open 2017"]
[Site "Sitges ESP"]
[Date "2017.12.22"]
[Round "8.11"]
[White "Cruz, Jonathan"]
[Black "Santos Latasa, Jaime"]
[Result "0-1"]
[WhiteTitle "IM"]
[BlackTitle "IM"]
[WhiteElo "2432"]
[BlackElo "2536"]
[WhiteFideId "3802124"]
[BlackFideId "2293307"]
[EventDate "2017.12.15"]

1. e4 c5 2. Nf3 d6 3. d4 cxd4 4. Nxd4 Nf6 5. Nc3 a6 6. Bc4 e6 7. O-O b5 8. Bb3
Be7 9. f4 Bb7 10. a3 Nbd7 11. Kh1 Nc5 12. e5 dxe5 13. fxe5 Nfe4 14. Nxe4 Bxe4
15. Ba2 O-O 16. c3 Qc7 17. Bf4 Rad8 18. Qg4 Kh8 19. Rae1 Qb7 20. Bc1 Bg6 21. h4
h6 22. Re3 Nd3 23. Nxe6 fxe6 24. Rxf8+ Rxf8 25. Qxg6 Nxc1 26. Bb1 Rf5 27. Rf3
Qc8 28. Bxf5 exf5 29. Rxf5 Qd8 30. e6 Ne2 31. Kh2 Bd6+ 32. Kh3 Nf4+ 33. Rxf4
Bxf4 34. g3 Bd6 35. h5 Qg5 36. Qxg5 hxg5 37. Kg4 Kg8 38. Kxg5 Bxg3 39. h6 gxh6+
40. Kxh6 Kf8 41. Kg6 Ke7 42. Kf5 Bd6 43. b4 Bh2 44. Ke4 Kxe6 45. c4 Be5 46. Kd3
Bb2 47. a4 bxa4 48. Kc2 Ba3 0-1

[Event "Sunway Sitges Open 2017"]
[Site "Sitges ESP"]
[Date "2017.12.22"]
[Round "8.12"]
[White "Eggleston, David J"]
[Black "Gascon Del Nogal, Jose Rafael"]
[Result "0-1"]
[WhiteTitle "IM"]
[BlackTitle "IM"]
[WhiteElo "2389"]
[BlackElo "2479"]
[WhiteFideId "412120"]
[BlackFideId "3902463"]
[EventDate "2017.12.15"]

1. e4 c5 2. Nf3 d6 3. d4 cxd4 4. Nxd4 Nf6 5. Nc3 a6 6. h3 e5 7. Nb3 Nbd7 8. g4
h6 9. Bg2 b5 10. a4 b4 11. Nd5 Nxd5 12. Qxd5 Qc7 13. Bd2 Bb7 14. Qa5 Qxc2 15.
Qxb4 Rb8 16. Rc1 Qxb2 17. Bc3 Qa2 18. Ra1 Qc2 19. Rc1 Qd3 20. Nd2 d5 21. Qa5
dxe4 22. Bxe5 e3 23. fxe3 Bf3 24. Rc8+ Rxc8 25. Bxf3 Rc5 26. Be2 Qxe3 27. Nc4
Rxc4 0-1

[Event "Sunway Sitges Open 2017"]
[Site "Sitges ESP"]
[Date "2017.12.22"]
[Round "8.13"]
[White "Garriga Cazorla, Pere"]
[Black "Motylev, Alexander"]
[Result "0-1"]
[WhiteTitle "IM"]
[BlackTitle "GM"]
[WhiteElo "2406"]
[BlackElo "2675"]
[WhiteFideId "32011601"]
[BlackFideId "4121830"]
[EventDate "2017.12.15"]

1. d4 d5 2. c4 c6 3. Nf3 Nf6 4. Nc3 e6 5. e3 Nbd7 6. Qc2 Bd6 7. Bd3 O-O 8. O-O
Re8 9. e4 dxc4 10. Bxc4 e5 11. Rd1 Qe7 12. h3 exd4 13. Nxd4 Ne5 14. Bf1 Bb8 15.
f4 c5 16. Nde2 Nc6 17. e5 Nd7 18. Nd5 Qh4 19. Be3 b6 20. g3 Qh5 21. Bg2 Bb7 22.
g4 Qh4 23. Bf2 Qh6 24. Ng3 Ndxe5 25. Nf5 Qe6 26. fxe5 Bxe5 27. Re1 Rac8 28. Qd2
Rcd8 29. Rad1 f6 30. Qc1 Qf7 31. Qc4 Kf8 32. Nde3 g6 33. Rxd8 Rxd8 34. Ng3 Bxb2
35. Bd5 Qc7 36. Qe4 Bd4 37. Qe6 Rxd5 38. Qxd5 Ne5 39. Qe6 Nf3+ 40. Kf1 Ba6+ 41.
Kg2 Nxe1+ 42. Bxe1 Bc8 43. Qb3 Bb7+ 44. Kf1 Ba6+ 45. Kg2 Qc6+ 46. Kf2 Kg7 47.
Qa3 Bb7 48. Ke2 a5 49. Kd2 Qe6 50. Ne2 Bxe3+ 51. Qxe3 Qxa2+ 52. Kc1 Qa1+ 53. Kd2
Qb2+ 54. Kd1 Qb1+ 55. Kd2 Be4 56. Qc3 g5 57. Bg3 Bg6 58. h4 h6 59. Qe3 Qa2+ 60.
Ke1 Qf7 61. hxg5 hxg5 62. Nc3 Qd7 63. Qf3 a4 64. Nd5 Qe6+ 65. Ne3 Be4 66. Qd1 a3
67. Kf1 a2 68. Be1 Bb1 69. Nf5+ Bxf5 70. gxf5 Qc4+ 71. Kg2 Qd4 0-1

[Event "Sunway Sitges Open 2017"]
[Site "Sitges ESP"]
[Date "2017.12.22"]
[Round "8.14"]
[White "Raghunandan, Kaumandur Srihari"]
[Black "Zubov, Alexander"]
[Result "0-1"]
[WhiteTitle "IM"]
[BlackTitle "GM"]
[WhiteElo "2404"]
[BlackElo "2626"]
[WhiteFideId "25004964"]
[BlackFideId "14109409"]
[EventDate "2017.12.15"]

1. d4 d6 2. Nf3 Nf6 3. c4 g6 4. Nc3 Bf5 5. Bg5 Bg7 6. e3 h6 7. Bh4 g5 8. Bg3 Nh5
9. Bd3 Bxd3 10. Qxd3 Nd7 11. h4 g4 12. Nd2 e6 13. Qe4 Nxg3 14. fxg3 h5 15. O-O
O-O 16. Ne2 d5 17. Qd3 Nf6 18. Nf4 dxc4 19. Qxc4 Nd5 20. Qe2 Nxe3 21. Nxh5 Nxf1
22. Rxf1 Qd5 23. Nf4 Qxd4+ 24. Kh2 e5 25. Nh5 f5 26. Nb3 Qd6 27. Qc4+ 0-1

[Event "Sunway Sitges Open 2017"]
[Site "Sitges ESP"]
[Date "2017.12.22"]
[Round "8.15"]
[White "Tania, Sachdev"]
[Black "Can, Emre"]
[Result "0-1"]
[WhiteTitle "IM"]
[BlackTitle "GM"]
[WhiteElo "2400"]
[BlackElo "2605"]
[WhiteFideId "5007844"]
[BlackFideId "6302181"]
[EventDate "2017.12.15"]

1. d4 Nf6 2. c4 e6 3. Nf3 d5 4. Nc3 Bb4 5. Bg5 h6 6. Bxf6 Qxf6 7. e3 O-O 8. Rc1
Nc6 9. a3 Bxc3+ 10. Rxc3 dxc4 11. Bxc4 e5 12. d5 Rd8 13. O-O Bg4 14. h3 Bh5 15.
e4 Nd4 16. g4 Bg6 17. Nxd4 exd4 18. Rf3 Qe5 19. Re1 c6 20. b4 a5 21. Rd3 axb4
22. axb4 Qd6 23. Rxd4 Qxb4 24. d6 Qc3 25. Re3 Qb2 26. Rb3 Qa1 27. Rxb7 c5 28.
Rd2 Qc3 29. Rc2 Qxh3 30. Bf1 Qh4 31. Bg2 Rxd6 32. Qb1 Rad8 33. Rb8 Rxb8 34.
Qxb8+ Rd8 0-1

[Event "Sunway Sitges Open 2017"]
[Site "Sitges ESP"]
[Date "2017.12.22"]
[Round "8.16"]
[White "Agrest, Evgenij"]
[Black "Perez Mitjans, Orelvis"]
[Result "1-0"]
[WhiteTitle "GM"]
[BlackTitle "GM"]
[WhiteElo "2600"]
[BlackElo "2381"]
[WhiteFideId "1705024"]
[BlackFideId "3502856"]
[EventDate "2017.12.15"]

1. d4 Nf6 2. Bf4 c5 3. dxc5 Na6 4. Qd4 Qa5+ 5. c3 Qxc5 6. e3 b6 7. Na3 g6 8. Qa4
Nc7 9. Nf3 Bg7 10. Be5 Ne6 11. b4 Qc6 12. Qxc6 dxc6 13. Nd4 Nd8 14. Be2 O-O 15.
Bf3 Bb7 16. Rd1 Rc8 17. Nb3 Nd5 18. Bxg7 Kxg7 19. Nb1 Ne6 20. h4 Rfd8 21. a3 Ba6
22. Be2 Bxe2 23. Kxe2 b5 24. Rd2 Nb6 25. Rhd1 Rxd2+ 26. N1xd2 Na4 27. Nb1 c5 28.
Rd7 cxb4 29. cxb4 Rc7 30. Rxc7 Nxc7 31. Kd3 Kf6 32. N1d2 e6 33. Na5 a6 34. Nc6
Kg7 35. Kd4 f6 36. f4 h5 37. Ne4 Kf7 38. g3 Kg7 39. Nc5 Nb2 40. Nd8 e5+ 41. fxe5
fxe5+ 42. Kxe5 Nc4+ 43. Ke4 Kf6 44. Nc6 g5 45. Nb8 gxh4 46. gxh4 a5 47. bxa5
Nxa5 48. Nbd7+ Ke7 49. Ne5 Kf6 50. Ncd3 Nb7 51. Nd7+ Ke7 52. Nb6 Nd6+ 53. Ke5
Nf7+ 54. Kd4 Nd6 55. e4 Ne6+ 56. Ke3 Nd8 57. Nb4 Ne6 58. Nd3 Kd8 59. Kf3 Ke8 60.
Nf2 Nd4+ 61. Kf4 Nc2 62. e5 Nf7 63. e6 Nd8 64. Ke5 Nxa3 65. Ne4 Nc4+ 66. Nxc4
bxc4 67. Kf6 Nb7 68. e7 c3 69. Ke6 1-0

[Event "Sunway Sitges Open 2017"]
[Site "Sitges ESP"]
[Date "2017.12.22"]
[Round "8.17"]
[White "Asis Gargatagli, Hipolito"]
[Black "Bjerre, Jonas Buhl"]
[Result "1-0"]
[WhiteTitle "IM"]
[BlackTitle "FM"]
[WhiteElo "2531"]
[BlackElo "2365"]
[WhiteFideId "2260735"]
[BlackFideId "1444948"]
[EventDate "2017.12.15"]

1. e4 c5 2. Nf3 d6 3. d4 cxd4 4. Nxd4 Nf6 5. Nc3 a6 6. h3 e5 7. Nb3 Be6 8. f4
exf4 9. Bxf4 Nc6 10. Qe2 Ne5 11. O-O-O Nfd7 12. Kb1 Be7 13. g4 O-O 14. Nd4 Rc8
15. Qe3 Ng6 16. Bg3 Bg5 17. Qe1 Nde5 18. h4 Bf4 19. h5 Bxg3 20. Qxg3 Ne7 21. Nf5
Bxf5 22. gxf5 f6 23. Rg1 Rf7 24. h6 Qb6 25. Ka1 d5 26. Be2 d4 27. Bh5 g6 28. Nd5
Nxd5 29. Bxg6 hxg6 30. fxg6 Ne3 31. h7+ Kg7 32. gxf7+ N5g4 33. Qh3 Qe6 34. h8=Q+
Rxh8 35. Qxh8+ Kxf7 36. Qh5+ Kf8 37. Qc5+ Kf7 38. Rxd4 1-0

[Event "Sunway Sitges Open 2017"]
[Site "Sitges ESP"]
[Date "2017.12.22"]
[Round "8.18"]
[White "Sai Agni Jeevitesh, J"]
[Black "Santos Ruiz, Miguel"]
[Result "0-1"]
[WhiteTitle "FM"]
[BlackTitle "IM"]
[WhiteElo "2384"]
[BlackElo "2509"]
[WhiteFideId "5070147"]
[BlackFideId "22291482"]
[EventDate "2017.12.15"]

1. d4 d6 2. c4 e5 3. Nc3 exd4 4. Qxd4 Nc6 5. Qd2 Nf6 6. g3 a5 7. b3 a4 8. Ba3
axb3 9. axb3 d5 10. Qc1 Rxa3 11. Rxa3 Bb4 12. Ra4 d4 13. Rxb4 Nxb4 14. Nd1 O-O
15. Nf3 Re8 16. Nb2 d3 0-1

[Event "Sunway Sitges Open 2017"]
[Site "Sitges ESP"]
[Date "2017.12.22"]
[Round "8.19"]
[White "Stella, Andrea"]
[Black "Chakravarthi Reddy, M"]
[Result "1-0"]
[WhiteTitle "GM"]
[BlackTitle "IM"]
[WhiteElo "2505"]
[BlackElo "2364"]
[WhiteFideId "827061"]
[BlackFideId "25009532"]
[EventDate "2017.12.15"]

1. d4 d5 2. c4 c6 3. Nf3 Nf6 4. Nc3 a6 5. Qc2 g6 6. e4 dxe4 7. Nxe4 Nxe4 8. Qxe4
Bg7 9. Be2 Nd7 10. O-O Nf6 11. Qe3 O-O 12. h3 Qc7 13. Re1 Re8 14. Qb3 c5 15.
dxc5 Ne4 16. Be3 Nxc5 17. Qa3 b6 18. b4 Ne6 19. Rad1 Bb7 20. Qc1 a5 21. a3 axb4
22. axb4 Ra4 23. c5 bxc5 24. bxc5 Rc8 25. Bb5 Ra1 26. Qc4 Rxd1 27. Rxd1 Nxc5 28.
Rc1 Ne6 29. Qb3 Qxc1+ 30. Bxc1 Rxc1+ 31. Bf1 Ba6 32. Qb8+ Nf8 33. Nh2 Bd4 34.
Qf4 Rd1 35. Qg4 1-0

[Event "Sunway Sitges Open 2017"]
[Site "Sitges ESP"]
[Date "2017.12.22"]
[Round "8.20"]
[White "Manolache, Marius"]
[Black "Kaasen, Tor Fredrik"]
[Result "1-0"]
[WhiteTitle "GM"]
[BlackTitle "FM"]
[WhiteElo "2495"]
[BlackElo "2347"]
[WhiteFideId "1201530"]
[BlackFideId "1516647"]
[EventDate "2017.12.15"]

1. d4 d5 2. Nf3 Nf6 3. c4 e6 4. Nc3 Be7 5. cxd5 exd5 6. Bg5 O-O 7. e3 h6 8. Bh4
c6 9. Qc2 Nbd7 10. Bd3 Re8 11. O-O Ne4 12. Bxe7 Qxe7 13. Rab1 a5 14. Rfe1 Nf8
15. Bxe4 dxe4 16. Nd2 f5 17. d5 Ra6 18. Rbd1 Ng6 19. d6 Qf7 20. f4 exf3 21. Nxf3
Ra8 22. Na4 Be6 23. Nb6 Rad8 24. b3 f4 25. exf4 Nxf4 26. d7 Bxd7 27. Rxe8+ Qxe8
28. Qd2 Qe2 29. Qxe2 Nxe2+ 30. Kf2 Nc3 31. Rxd7 Rxd7 32. Nxd7 Nxa2 33. Nc5 b6
34. Nd7 b5 35. Nd4 a4 36. Nc5 axb3 37. Ncxb3 Nb4 38. Na5 Nd3+ 39. Ke2 Nf4+ 40.
Kf3 g5 41. Naxc6 Kg7 42. Nxb5 Kg6 43. Nbd4 Nd5 44. Ne5+ Kf6 45. Ng4+ Kg6 46. Ne2
Ne7 47. Ke4 Nc8 48. Ng3 Nd6+ 49. Kd5 Ne8 50. Ne5+ Kf6 51. Nh5+ Ke7 52. Ng4 Kf7
53. Ng3 Kg6 54. Ke6 Nc7+ 55. Kd6 Nb5+ 56. Ke7 Nd4 57. Ne5+ Kh7 58. Nh5 Kg8 59.
Kf6 Nc2 60. Kg6 Ne3 61. g4 Kf8 62. Kxh6 Ke7 63. Kxg5 1-0

[Event "Sunway Sitges Open 2017"]
[Site "Sitges ESP"]
[Date "2017.12.22"]
[Round "8.21"]
[White "Narciso Dublan, Marc"]
[Black "Charochkina, Daria"]
[Result "1-0"]
[WhiteTitle "GM"]
[BlackTitle "IM"]
[WhiteElo "2456"]
[BlackElo "2317"]
[WhiteFideId "2201500"]
[BlackFideId "4180917"]
[EventDate "2017.12.15"]

1. e4 c6 2. d4 d5 3. Nd2 dxe4 4. Nxe4 Bf5 5. Nc5 e5 6. Nxb7 Qb6 7. Nc5 exd4 8.
Nb3 Bb4+ 9. Bd2 Nf6 10. Bxb4 Qxb4+ 11. Qd2 Qe7+ 12. Qe2 Bxc2 13. Nxd4 Be4 14. f3
Qb4+ 15. Qd2 Qxd2+ 16. Kxd2 Bd5 17. Nge2 O-O 18. Nc3 Rd8 19. Ke3 c5 20. Ndb5 Nc6
21. Rd1 Rac8 22. Kf2 Be6 23. Be2 Nd4 24. Nxa7 Ra8 25. Nab5 Bxa2 26. Nxd4 cxd4
27. Nb5 Ra4 28. Rd2 Bb3 29. Bd1 Rb4 30. Bxb3 Rxb5 31. Bc4 Rb6 32. Ra1 Ne8 33. b3
Nc7 34. Ra7 Ne6 35. Ke1 Kf8 36. Rda2 Rbd6 37. Kd2 R8d7 38. b4 Ke7 39. Bb5 Rc7
40. Rxc7+ Nxc7 41. Ra7 Kd8 42. Bc4 Rb6 43. Ra4 f6 44. Kd3 Rd6 45. Ra5 Rb6 46.
Ra4 Rd6 47. Ra2 Kc8 48. Re2 g5 49. g4 Rb6 50. b5 Kd7 51. Kxd4 Kd6 52. Rb2 Rb7
53. Rb1 Rb6 54. Bd3 Rb7 55. Kc4 Nd5 56. Be4 Rc7+ 57. Kd4 Nb6 58. Ra1 Rc4+ 59.
Kd3 Rc7 60. Bc6 Kc5 61. Ke4 Rg7 62. Kf5 Rg6 63. Rc1+ Kb4 64. Be8 Rh6 65. Rb1+
Ka5 66. Bh5 Nd5 67. Rb2 Kb6 68. Rb3 Nf4 69. Bf7 Rxh2 70. Kxf6 h6 71. Kf5 Rc2 72.
Be8 Rc8 73. Re3 Rc5+ 74. Re5 Rc3 75. Bc6 Rc2 76. Kf6 Rd2 77. Re8 Rd6+ 78. Ke5
Kc5 79. Be4 Rd2 80. Rh8 Rh2 81. Rb8 Rb2 82. Rc8+ Kb6 83. Rc6+ Kxb5 84. Rxh6 Ka5
85. Kf6 Rb5 86. Rh1 Kb6 87. Rc1 Ra5 88. Rc6+ Ka7 89. Rc7+ Kb8 90. Rh7 Rb5 91.
Rh5 Nxh5+ 92. gxh5 Kc7 93. h6 Kd7 94. h7 Rb8 95. Bf5+ Kd6 96. Be6 Rf8+ 97. Kg7
Rxf3 98. Bg4 Rg3 99. Bh5 Kd5 1-0

[Event "Sunway Sitges Open 2017"]
[Site "Sitges ESP"]
[Date "2017.12.22"]
[Round "8.22"]
[White "Cernousek, Lukas"]
[Black "Santarius, Erik"]
[Result "1-0"]
[WhiteTitle "IM"]
[BlackTitle "FM"]
[WhiteElo "2456"]
[BlackElo "2299"]
[WhiteFideId "311707"]
[BlackFideId "2025817"]
[EventDate "2017.12.15"]

1. e4 c6 2. d4 d5 3. Nd2 dxe4 4. Nxe4 Nd7 5. Ng5 Ngf6 6. Bd3 e6 7. N1f3 Bd6 8.
Qe2 h6 9. Ne4 Nxe4 10. Qxe4 Qc7 11. O-O b6 12. Qg4 Kf8 13. b3 Bb7 14. Re1 Nf6
15. Qh3 Nd5 16. c4 Nf4 17. Bxf4 Bxf4 18. c5 Qe7 19. b4 Rd8 20. Rad1 h5 21. g3
Bc7 22. Be4 g5 23. Qg2 Kg7 24. h4 g4 25. Ng5 bxc5 26. bxc5 Qd7 27. Bc2 Rde8 28.
Bb3 Bd8 29. Qe4 Rh6 30. Ba4 Reh8 31. Qe5+ Bf6 32. Qf4 Rd8 33. Bb3 Re8 34. Re4
Rg6 35. Re3 Kg8 36. Bc2 Bxg5 37. hxg5 Rg7 38. Re5 Ba6 39. Qf6 Rb8 40. Bb3 Qd8
41. Qf4 Rb4 42. Qd2 Rb7 43. Kg2 Rd7 44. Qe3 Bc8 45. g6 Rxg6 46. Rxh5 Kf8 47.
Rh8+ Rg8 48. Qh6+ Ke7 49. Qh4+ Kf8 50. Rxg8+ Kxg8 51. Qxg4+ Kf8 52. Qf4 Ke7 53.
Qe5 Qg8 54. Rh1 Rd8 55. Rh6 Bb7 56. Bd1 Kd7 57. Bh5 Kc8 58. Qf6 Rf8 59. Qf4 Qg7
60. Rf6 Ba6 61. Bxf7 Bc4 62. Bxe6+ Bxe6 63. Rxf8+ Kb7 64. Rb8+ Ka6 65. Qe3 Bd5+
66. Kg1 1-0

[Event "Sunway Sitges Open 2017"]
[Site "Sitges ESP"]
[Date "2017.12.22"]
[Round "8.23"]
[White "Pogorelov, Ruslan"]
[Black "Starostits, Ilmars"]
[Result "1-0"]
[WhiteTitle "GM"]
[BlackTitle "GM"]
[WhiteElo "2344"]
[BlackElo "2427"]
[WhiteFideId "14100363"]
[BlackFideId "11600748"]
[EventDate "2017.12.15"]

1. Nf3 d5 2. d4 Bf5 3. c4 e6 4. Nc3 Nc6 5. cxd5 exd5 6. Bf4 Nf6 7. e3 a6 8. Be2
Ne4 9. O-O Nxc3 10. bxc3 Bd6 11. Bxd6 Qxd6 12. c4 dxc4 13. Bxc4 O-O 14. Rc1 Rad8
15. Bd3 Bxd3 16. Qxd3 Qd5 17. Qe2 Rfe8 18. Qb2 b6 19. Qb3 Qxb3 20. axb3 Rd6 21.
Rc3 Na5 22. Rxc7 Nxb3 23. Ne5 a5 24. Nxf7 Rd5 25. Ne5 a4 26. Nc6 Rd6 27. Nb4 Ra8
28. Rb1 Rdd8 29. Rb2 Rac8 30. Rxc8 Rxc8 31. Rc2 Ra8 32. Kf1 a3 33. Na2 b5 34.
Ke2 b4 35. Nxb4 a2 36. Nxa2 Rxa2 37. Rxa2 Nc1+ 38. Kd2 Nxa2 39. e4 g5 40. f3 Kf7
41. g3 h6 42. f4 g4 43. d5 Nb4 44. Kc3 Na2+ 45. Kc4 Nc1 46. e5 Ne2 47. f5 h5 48.
d6 1-0

[Event "Sunway Sitges Open 2017"]
[Site "Sitges ESP"]
[Date "2017.12.22"]
[Round "8.24"]
[White "Krishna, C R G"]
[Black "Raahul, V S"]
[Result "1-0"]
[WhiteTitle "IM"]
[WhiteElo "2421"]
[BlackElo "2175"]
[WhiteFideId "5018625"]
[BlackFideId "25035525"]
[EventDate "2017.12.15"]

1. Nf3 Nf6 2. g3 g6 3. Bg2 Bg7 4. O-O O-O 5. c4 d6 6. Nc3 Nc6 7. d4 a6 8. h3 Nd7
9. Be3 e5 10. Qd2 Re8 11. dxe5 Ndxe5 12. Nxe5 dxe5 13. Qxd8 Nxd8 14. Rfd1 Be6
15. b3 Nc6 16. Bxc6 bxc6 17. h4 Rad8 18. Na4 f5 19. Rac1 Bf8 20. Kf1 Ba3 21. Rb1
Bd6 22. Bc5 f4 23. Bxd6 cxd6 24. gxf4 Bh3+ 25. Ke1 exf4 26. Rd4 f3 27. e3 Re5
28. Rbd1 d5 29. cxd5 cxd5 30. Nc3 Be6 31. Kd2 g5 32. hxg5 Rxg5 33. e4 Rg4 34.
Nxd5 Bxd5 35. Rxd5 Re8 36. e5 Rg5 37. Re1 h5 38. Re4 h4 39. Ke3 h3 40. Rh4
Rexe5+ 41. Rxe5 Rxe5+ 42. Kxf3 Rf5+ 43. Ke4 1-0

[Event "Sunway Sitges Open 2017"]
[Site "Sitges ESP"]
[Date "2017.12.22"]
[Round "8.25"]
[White "Arman, Deniz"]
[Black "Raja, Harshit"]
[Result "1/2-1/2"]
[WhiteTitle "FM"]
[BlackTitle "IM"]
[WhiteElo "2324"]
[BlackElo "2420"]
[WhiteFideId "6302106"]
[BlackFideId "5089000"]
[EventDate "2017.12.15"]

1. e4 c5 2. d4 cxd4 3. c3 Nf6 4. e5 Nd5 5. Nf3 Nc6 6. Bc4 Nb6 7. Bb3 d6 8. exd6
Qxd6 9. O-O Bf5 10. Nxd4 Nxd4 11. cxd4 e6 12. Nc3 Be7 13. Qf3 O-O 14. d5 Bg6 15.
dxe6 fxe6 16. Qg3 Kh8 17. Re1 Qb4 18. Bg5 Bc5 19. Re2 Nc4 20. Bxc4 Qxc4 21. Qh4
Bd3 22. Qxc4 Bxc4 23. Rd2 Rf5 1/2-1/2